Problems in medical microbiology
This book attempts to provide the student with practice in interpreting laboratory results within the context of a clinical microbiological problem. It covers the entire field of medical microbiology in three sections: bacteriology and mycology, virology, and parasitology
Guardat en:
| Autor principal: | |
|---|---|
| Format: | Llibre |
| Idioma: | Undetermined |
| Publicat: |
Cambridge, Massachusetts
Blackwell Science
1995
|
| Matèries: | |
| Etiquetes: |
Afegir etiqueta
Sense etiquetes, Sigues el primer a etiquetar aquest registre!
|
| Thư viện lưu trữ: | Trung tâm Học liệu Trường Đại học Cần Thơ |
|---|
| LEADER | 00945nam a2200193Ia 4500 | ||
|---|---|---|---|
| 001 | CTU_19434 | ||
| 008 | 210402s9999 xx 000 0 und d | ||
| 082 | |a 616.01076 | ||
| 082 | |b P962 | ||
| 100 | |a John Holton [et al.] | ||
| 245 | 0 | |a Problems in medical microbiology | |
| 245 | 0 | |c John Holton [et al.] | |
| 260 | |a Cambridge, Massachusetts | ||
| 260 | |b Blackwell Science | ||
| 260 | |c 1995 | ||
| 520 | |a This book attempts to provide the student with practice in interpreting laboratory results within the context of a clinical microbiological problem. It covers the entire field of medical microbiology in three sections: bacteriology and mycology, virology, and parasitology | ||
| 650 | |a bacterial infections - diagnosis - problems,medical microbiology - examinations, questions, etc,parasitology - problems,virus diseases - drug therapy - problems | ||
| 904 | |i Minh, 971104 | ||
| 980 | |a Trung tâm Học liệu Trường Đại học Cần Thơ | ||